000 00545nam a22001457a 4500
003 MACL
005 20200218164545.0
008 200218b xxu||||| |||| 00| 0 eng d
040 _cMACL
100 _aकुमार,डॉ. ऋषि
_978315
245 _aआंचलिकता का परिप्रेक्ष्‍य और हिंदी उपन्‍यास
260 _aकोलकाता
_bआनंद प्रकाशन
_c2015
650 _aउपन्‍यास साहित्‍य
_9100
942 _2ddc
_cHIN
999 _c62155
_d62155